000 01709nam a2200301 a 4500
001 000006278
003 DO-SdBNP
005 20260203145557.0
007 ta
008 090827t1996 dr 001 0 spa d
040 _aDO-SdBNP
_bspa
_cBNPHU
082 4 _a368.40097293
_bH557s
_222
100 _aHernández Rueda, Lupo,
_d1930-2017
_923790
245 1 3 _aLa seguridad social en Santo Domingo /
_cLupo Hernádez Rueda, Carlos Hernández Contreras.
260 _aSanto Domingo :
_bInstituto de Estudios del Trabajo,
_c1996.
300 _a169 p. ;
_c23 cm.
500 _aIncluye referencias bibliográficas y notas al final de capítulos.
504 _aBibliografía : p.167-169.
505 0 _aNociones de seguridad social /
_rLupo Hernádez Rueda --
_tLa seguridad social en la constitución política dominicana /
_rCarlos Hernández Contreras --
_tRegímenes complementarios de la seguridad social en la República Dominicana /
_rCarlos Hernández Contreras --
_tLa seguridad social en República Dominicana frente al siglo XXI /
_rCarlos Hernández Contreras --
_tEl proyecto de Código Iberoaméricano de seguridad social en la República Dominicana /
_rLupo Hernádez Rueda --
_tLos cuidados de la salud: ¿régimen privado o público? República Dominicana /
_rCarlos Hernández Contreras.
590 _aInventariado, 2018/LP
650 4 _aSeguridad social
_zRepública Dominicana
_92151
650 4 _aSeguridad social
_xLegislación
_zRepública Dominicana
_914351
650 0 _aSeguros de salud
_zRepública Dominicana
_917539
650 4 _aPolítica social
_zRepública Dominicana
_911024
700 1 _aHernández Contreras, Carlos
_917540
910 _aValidado. Control de calidad EMS.
942 _2ddc
_cLBS1
999 _c6073
_d6073